Statistics for Countries that Start with S

Click here to take the quiz!

General Stats

  • This quiz has been taken 470,070 times
    (83,216 since last reset)
  • The average score is 18 of 26

Answer Stats

Country % Correct
Sweden
95%
Switzerland
86%
Sudan
83%
South Korea
81%
South Africa
79%
Spain
78%
South Sudan
78%
Slovakia
76%
Slovenia
75%
Somalia
72%
Serbia
71%
Senegal
70%
Syria
69%
Suriname
67%
Singapore
65%
Saint Kitts and Nevis
64%
Saint Lucia
64%
San Marino
64%
Sri Lanka
61%
Saudi Arabia
61%
Seychelles
61%
Samoa
60%
Saint Vincent and the Grenadines
59%
Sao Tome and Principe
52%
Solomon Islands
51%
Sierra Leone
51%

Score Distribution

Percentile by Number Answered

Percent of People with Each Score

Your Score History

You have not taken this quiz since the last reset